Totálna syntéza prírodnej látky: Protulaktón A
Uložené v:
| Hlavný autor: | |
|---|---|
| Ďalší autori: | |
| Médium: | Rukopis Kniha |
| Jazyk: | Slovak |
| Vydavateľské údaje: |
2016
|
| Predmet: | |
| On-line prístup: | http://is.stuba.sk/zp/portal_zp.pl?podrobnosti=131900 |
| Tagy: |
Žiadne tagy, Buďte prvý, kto otaguje tento záznam!
|
MARC
| LEADER | 00000ntm a22000003a 4500 | ||
|---|---|---|---|
| 001 | stuzp58578 | ||
| 003 | SK-STU | ||
| 005 | 20160719155616.5 | ||
| 007 | ta | ||
| 008 | 150427s2015----xo-----f-mn---000-0-slo-d | ||
| 040 | |a STU |b slo | ||
| 041 | 0 | |a slo | |
| 100 | 1 | |a Sabaková, Lenka |u 048140 |4 aut |U FCHPT Ústav organickej chémie, katalýzy a petrochémie |T FCHPT Oddelenie organickej chémie |X 42882 |U C8140 |Y 124 |7 42882 | |
| 242 | 0 | 1 | |a Total synthesis of a natural compound: Protulactone A |y eng |
| 245 | 1 | 0 | |a Totálna syntéza prírodnej látky: Protulaktón A |
| 260 | |c 2016 | ||
| 650 | 4 | |a protulaktón A |2 slo | |
| 650 | 4 | |a absolútna konfigurácia |2 slo | |
| 650 | 4 | |a kyselina Meldrum-ová |2 slo | |
| 650 | 4 | |a protulactone A |2 eng | |
| 650 | 4 | |a absolute configuration |2 eng | |
| 650 | 4 | |a Meldrum's acid |2 eng | |
| 700 | 1 | |a Koóš, Peter |u 048140 |k Z1 |4 ths |U FCHPT Ústav organickej chémie, katalýzy a petrochémie |T FCHPT Oddelenie organickej chémie |X 42566 |U C8140 |Y 124 |7 A000042566 | |
| 856 | 4 | |u http://is.stuba.sk/zp/portal_zp.pl?podrobnosti=131900 | |
| SQL | |a stuzp58578 |b DDP |c SLO |d Totálna syntéza prírodnej látky: Protulaktón A |e 42882 |f Sabaková, Lenka |g 048140 |h 42566 |i Koóš, Peter |j 20160607 |k 1400 |l 04 |m http://is.stuba.sk/zp/portal_zp.pl?podrobnosti=131900 |n I-TCHEM |o 4.1.14. chémia, 5.2.18. chemické technológie | ||